Current results from 3D monitoring of micro-displacements at Muráň and Šindliar faults

Podrobná bibliografia
Hlavný autor: Petro, Ľ. (Author)
Médium: Článok
Jazyk:English
Témy:
Zdroj: 1. Mineralia slovaca 1. Roč. 42, č. 2 (2010) 1. 0369-2086
2. Príl.: 2. Geovestník 2. Č. 2 (2010), s. 260
LEADER 01124nab#a2200349#ar4500
001 000103431
003 SVKKK
005 20101222120833.0
008 080509c2010 xo |||||||||||||||b|eng
FMT
015 |a SNBRB2010/12 
038 |a SVKKK 
040 |a SVKKK  |b slo  |e AACR2 
041 0 |a eng 
044 |a xo  |c SK 
080 |a 551.243.1  |x (234.372.3)  |2 1997 
080 |a 551.24.08  |2 1997 
100 1 |a Petro, Ľ.  |4 aut 
242 1 0 |a Aktuálne výsledky z 3D monitoringu mikrodeformácií na muránskom a šindliarskom zlome 
245 1 0 |a Current results from 3D monitoring of micro-displacements at Muráň and Šindliar faults  |c Ľ. Petro 
650 0 4 |a zlomové pásma  |x extenzometria  |x mikrodeformácie  |z Západné Karpaty (Slovensko) 
651 4 |a muránsky zlom (Slovensko)  |x geotechnický monitoring 
651 4 |a šindliarsky zlom (Slovensko)  |x geotechnický monitoring 
773 0 |t Mineralia slovaca  |g Roč. 42, č. 2 (2010)  |x 0369-2086 
773 0 |i Príl.:  |t Geovestník  |g Č. 2 (2010), s. 260 
958 |a SK 
974 |a Ni 
992 |a RBX 
BAS
852 |a SVKKK  |b BIB 
EXP
998 |a GEO